01034nam a22002537a 4500003000400000005001700004008004100021040002500062082001600087100002400103245013800127260007400265300002000339490003300359500009600392504002600488590002700514700003800541830004000579910001400619942001400633952011600647999001700763OSt20220412112612.0110301s2008 xxu 000 0 spa d aDO-SdBNPbspacBNPHU axxxxbD812q1 aDuany, Jorge95301810aquisqueya on the Hudson: the transnational identity of dominicans in Washington Heights /cJorge Duany ; prefacio Ramona Hernández  aNew York, Estados Unidos :bCUNY Dominican studies institute. c2008. a70 p. :c23 cm.1 aDominican research monograph aQuisqueya en el Hudson: la identidad transnacional de los dominicanos en Washington Heights aBiografías p: 63-70 aInventariado, 2022/ YL12aHernández, Ramonaepref.910103 0nDominican research monograph981458 aYLockward 2ddccLBS1 00102ddc53708PDaBNPHUbBNPHUcCTd2020-10-20eCUNYl0oxxxx D812qp2022-1365r2022-04-12w2022-04-12yLBS1 c51530d51530